Antes del fin
Saved in:
| Hovedforfatter: | |
|---|---|
| Format: | Bog |
| Sprog: | spansk |
| Udgivet: |
Buenos Aires
Planeta
2003
|
| Udgivelse: | 4a. ed |
| Serier: | Colección Memorias
|
| Fag: | |
| Tags: |
Tilføj Tag
Ingen Tags, Vær først til at tagge denne postø!
|
MARC
| LEADER | 00000nam a2200000 a 4500 | ||
|---|---|---|---|
| 001 | UCL2618 | ||
| 003 | CL-VaPUC | ||
| 008 | 031031e20030000AG |||||||||||||||||spa|d | ||
| 020 | |a 9504905730 | ||
| 082 | 0 | 4 | |a Ar864 |b SAB |2 21 |
| 100 | |a Sabato, Ernesto |e author |9 322691 | ||
| 245 | 1 | 0 | |a Antes del fin |
| 250 | |a 4a. ed | ||
| 300 | |a 214 p | ||
| 942 | |c BK | ||
| 945 | |d 20031031 00:00:00 |a cmena | ||
| 260 | |a Buenos Aires |b Planeta |c 2003 | ||
| 650 | 0 | |a Ensayos argentinos |9 269128 | |
| 650 | 0 | |a Biografías |9 255210 | |
| 583 | |a last modification |c 20031031 00:00:00 |k Rodrigo Vera | ||
| 490 | 0 | |a Colección Memorias | |
| 999 | |c 305879 |d 305877 | ||
| 952 | |0 0 |1 0 |4 0 |6 AR_864_000000000000000_SAB_2003 |7 0 |8 ? |9 370396 |a BIBEDU |b BIBEDU |d 2019-11-21 |i 3955931 |o Ar864 SAB 2003 |p 3955931 |r 2019-11-21 |w 2019-11-21 |y BK |k LIT | ||